000 01666cam a22004454i 4500
003 PE-LiUPU
005 20250731173450.0
008 150616s r 000 0 d
035 _a(Sirsi) a6358
040 _aPE-LiUPU
_bspa
_cPE-LiUPU
_erda
049 _aPRUA
082 0 4 _a235.3
_bO34
_221
100 1 _aOdom, Robert Leo,
_eautor.
245 1 0 _aIsrael's Angel Extraordinary /
_cRobert Leo Odom.
264 1 _aNew York :
_bIsraelite Heritage Institute,
_c1985.
300 _a116 páginas ;
_c20 cm.
336 _atext
_2rdacontent
337 _aunmediated
_2rdamedia
338 _avolume
_2rdacarrier
505 0 _aWho is like God -- Michael and Abraham -- Michael ant Sodom -- Michael and Isaac -- Michael and Jacob -- Michael at Sinai -- Israel's Guardian angel -- The Death of Moses -- Michael and Joshua -- Michael and Gideon -- Michael Our Deliverer -- a Heavenly sanctuary -- Our Heavenly High Priest.
526 _aSEG42
526 _aSEG41
526 _aSEG40
526 _aSEG39
526 _aP94
526 _aP87
526 _aP86
526 _aP85
526 _aP77
526 _aP76
526 _aP35
650 0 4 _aMiguel (Arcángel).
910 _ajck
_bjvq
_cjck
942 _2ddc
_cBOOK
949 _a235.3 O34
_wDEWEY
_c1
_i39572
_lCCODEBUL1
_mBUL
_p00.00
_r0
_sY
_tBOOK
_u19950912
_xTEOLOGIA
_zUNKNOWN
_0COMPRA
_o.STAFF. Colección General
994 _aC0
_bPEPRU
596 _a1
999 _a235.3 O34
_wDEWEY
_c57482
_i39572
_f2021-11-10
_g5
_lCCODEBUL1
_mBUL
_r0
_sY
_tBOOK
_u2015-6-16
_xTEOLOGIA
_zUNKNOWN
_0COMPRA
_o.STAFF. Colección General
_d57482
980 _81
_gALBERTO SANCHEZ Responsable de Automatización